Estate agents await new orders (Record no. 28868)

MARC details
000 -LEADER
fixed length control field 00894cab a2200205 4500
001 - CONTROL NUMBER
control field ABS44152
008 - FIXED-LENGTH DATA ELEMENTS--GENERAL INFORMATION
fixed length control field 090401t1991 xxu||||| |||| 00| 0 eng d
035 ## - SYSTEM CONTROL NUMBER
System control number (Sirsi) u45561
041 ## - LANGUAGE CODE
Language code of text/sound track or separate title eng
100 ## - MAIN ENTRY--PERSONAL NAME
Personal name Monahan, P.
245 ## - TITLE STATEMENT
Title Estate agents await new orders
260 ## - PUBLICATION, DISTRIBUTION, ETC.
Date of publication, distribution, etc. 1991
350 ## - PRICE (NR) (BK AM CF MU VM SE) [OBSOLETE]
Price 0
490 ## - SERIES STATEMENT
Series statement Chartered Surveyor Weekly
Volume/sequential designation 34(8) 28 February 1991, 68(1)
520 ## - SUMMARY, ETC.
Summary, etc. Analyses the situation regarding the orders and regulations due under Estate Agents Act 1979 s3 and s18, the Estate Agents (Specified Offences) Order , Estate Agents (Undesirable Practices) Order and Estate Agents (Provision of Information) Regulations . Reviews their coverage and examines how they may be changed by the Property Misdescriptions Bill .
650 ## - SUBJECT ADDED ENTRY--TOPICAL TERM
Topical term or geographic name entry element ESTATE AGENTS ACT 1979 S18
690 ## - LOCAL SUBJECT ADDED ENTRY--TOPICAL TERM (OCLC, RLIN)
Topical term or geographic name as entry element MANAGEMENT-BUSINESS MANAGEMENT-PROFESSIONAL PRACTICE
942 ## - ADDED ENTRY ELEMENTS (KOHA)
Suppress in OPAC 0
948 ## - LOCAL PROCESSING INFORMATION (OCLC); SERIES PART DESIGNATOR (RLIN)
c (OCLC) 04/03/1997
Holdings
Withdrawn status Lost status Source of classification or shelving scheme Damaged status Not for loan Home library Current library Shelving location Date acquired Total Checkouts Full call number Barcode Date last seen Copy number Price effective from Koha item type
    Dewey Decimal Classification     London London Journal article 14/09/1999   ABS44152 45561-1001 06/08/2019 1 06/08/2019 Journal article